00831nam a22002417a 45000010005000000030006000050050017000110080041000280200018000690400029000870500017001160820010001331000022001432450068001652600038002333000061002715050008003325200154003405210027004945210020005216500025005416500023005667744FISKH20250801162613.0250801b cb ||||| |||| 00| 0 eng d a9780141386416 aFISKHbengcFISKHdFISKH aPZ7.P17526 W a813.6 aPalacio , R. J.  aWe're all wonders / cWritten and illustrated by R. J. Palacio aLondon : bPuffin Books , c2017. a32 unnumbered pages : bcolor illustrations ; c31 cm .  aG  aAugie enjoys the company of his dog, Daisy, and using his imagination, but painfully endures the taunts of his peers because of his facial deformity.8 a370 bLexile AD 8 aG bRaz-Plus  aDifferencesvFiction aBullying vFiction